Statistics for College Football National Champions

Click here to take the quiz!

General Stats

  • This quiz has been taken 2,221 times
  • The average score is 116 of 142

Answer Stats

HintAnswer% Correct
1930Alabama and Notre Dame
99%
1926Alabama/Lafayette/Navy/Stanford
99%
1961 | 1964 | 1965 | +5 othersAlabama
98%
1925Alabama and Dartmouth
98%
1932Michigan and USC
98%
1933Princeton/Michigan/USC
98%
1901Harvard/Michigan/Yale
97%
1904Michigan/Minnesota/Penn
97%
2003USC and LSU
97%
1923California/Cornell/Illinois/Michigan
96%
1927Georgia/Illinois/Yale
96%
1997Michigan and Nebraska
96%
1903Michigan and Princeton
96%
1924Notre Dame and Penn
96%
1928Georgia Tech and USC
95%
1918Michigan and Pittsburgh
95%
1931Pittsburgh and USC
95%
1996 | 2006 | 2008Florida
94%
1902 | 1948Michigan
94%
1895Penn and Yale
94%
1962 | 1967 | 1972 | 2004USC
94%
1929Notre Dame and Pittsburgh
93%
1963 | 1969 | 2005Texas
92%
1943 | 1946 | 1947 | +5 othersNotre Dame
90%
1872 | 1874 | 1877 | +6 othersPrinceton and Yale
90%
1910Harvard and Pittsburgh
89%
1875 | 1878 | 1898 | 1899Harvard and Princeton
89%
1980Georgia
88%
1919Harvard and Illinois
88%
1905Chicago and Yale
87%
1958 | 2007LSU
87%
1922California/Princeton/Cornell
86%
1876 | 1882 | 1883 | +8 othersYale
86%
1890 | 1912 | 1913Harvard
85%
1957 | 2010Auburn
84%
1942 | 1954 | 1968 | 2002Ohio State
84%
1920California and Princeton
83%
1950 | 1955 | 1956 | +4 othersOklahoma
83%
1897 | 1908Penn
83%
1993 | 1999Florida State
82%
1896Lafayette and Princeton
80%
1869 | 1870 | 1873 | +4 othersPrinceton
79%
1983 | 1987 | 1989 | 2001Miami
78%
1970 | 1971 | 1994 | 1995Nebraska
78%
1990Colorado and Georgia Tech
75%
1915Cornell and Pittsburgh
72%
1935Minnesota/SMU/TCU
71%
1921California/Cornell/Lafayette
68%
1982 | 1986Penn State
68%
1998Tennessee
65%
1917Georgia Tech
64%
1952Michigan State
64%
1916 | 1937 | 1976Pittsburgh
63%
1981Clemson
61%
1936 | 1940 | 1941 | 1960Minnesota
61%
1944 | 1945Army
60%
1914Illinois
56%
1939Texas A&M
56%
1938TCU
49%
1984BYU
47%
1959Syracuse
39%
1953Maryland
32%
1951Tennesee
4%
1991Miami and Washington
1%
1934Alabama and Minnesota
0%

Score Distribution

Percentile by Number Answered

Percent of People with Each Score

Your Score History

You have not taken this quiz